000 00895nam a2200205 i 4500
001 104283
003 ES-MaACL
005 20230906183547.0
007 t|
008 051125m19471948sp ||||1| spa d
245 0 0 _aMil joyas del arte español
_b: piezas selectas, monumentos magistrales...
260 _aBarcelona :
_bInstituto Gallach de Libreria y Ediciones,
_c1947-48.
300 _a2 t. :
_bil. ;
_c31 cm.
505 8 _aContiene: T.I.-- Antigüedad y Edad Media. Estudio preliminar, selección y comentarios originales, de María Elena Gómez-Moreno T.II.-- Edad Moderna y Contemporánea. Estudio preliminar, selección y comentarios originales de F. P. Verrié y A. Cirici Pellicer
700 1 _aGómez Moreno, María Elena.
_9183418
700 1 _aVerrié, F.- P.
_9114202
700 1 _aCirici, Alexandre.
_938890
852 _aES-MaACL
_jB-1731-32
_bR.26133
999 _c104283
_d104283